[Event "Benidorm Satellite preliminary"]
[Site "playchess.com #007036"]
[Date "2009.10.24"]
[Round "9"]
[White "Roefe"]
[Black "chess-vador"]
[Result "0-1"]
[WhiteElo "1716"]
[BlackElo "1768"]
[PlyCount "114"]
[EventDate "2009.10.24"]
[EventType "swiss (blitz)"]

1. d4 {[%emt 0:00:01]} Nf6 {[%emt 0:00:02]} 2. c4 {[%emt 0:00:01]} g6 {[%emt 0:
00:01]} 3. Nf3 {[%emt 0:00:01]} Bg7 {[%emt 0:00:01]} 4. e3 {[%emt 0:00:01]} O-O
{[%emt 0:00:04]} 5. Nbd2 {[%emt 0:00:01]} d6 {[%emt 0:00:02]} 6. Bd3 {[%emt 0:
00:01]} c5 {[%emt 0:00:04]} 7. Qc2 {[%emt 0:00:02]} Na6 {[%emt 0:00:05]} 8. a3
{[%emt 0:00:01]} Bg4 {[%emt 0:00:04]} 9. b3 {[%emt 0:00:02]} Qc7 {[%emt 0:00:
16]} 10. Bb2 {[%emt 0:00:02]} Rab8 {[%emt 0:00:04]} 11. O-O {[%emt 0:00:03]} b6
{[%emt 0:00:08]} 12. d5 {[%emt 0:00:07]} e5 {[%emt 0:00:11]} 13. h3 {[%emt 0:
00:04]} Bxf3 {[%emt 0:00:05]} 14. Nxf3 {[%emt 0:00:02]} Qe7 {[%emt 0:00:07]}
15. Be2 {[%emt 0:00:03]} Nc7 {[%emt 0:00:04]} 16. Rae1 {[%emt 0:00:04]} a6 {
[%emt 0:00:03]} 17. a4 {[%emt 0:00:04]} b5 {[%emt 0:00:05]} 18. axb5 {[%emt 0:
00:03]} axb5 {[%emt 0:00:04]} 19. Nd2 {[%emt 0:00:03]} b4 {[%emt 0:00:09]} 20.
f3 {[%emt 0:00:07]} Nh5 {[%emt 0:00:04]} 21. Kh2 {[%emt 0:00:07]} f5 {[%emt 0:
00:02]} 22. Bd3 {[%emt 0:00:10]} Qh4 {[%emt 0:00:11]} 23. Ra1 {[%emt 0:00:34]}
Ra8 {[%emt 0:00:07]} 24. Rxa8 {[%emt 0:00:10]} Rxa8 {[%emt 0:00:02]} 25. Ra1 {
[%emt 0:00:04]} Rxa1 {[%emt 0:00:11]} 26. Bxa1 {[%emt 0:00:01]} e4 {[%emt 0:00:
15]} 27. Bxg7 {[%emt 0:00:04]} exd3 {[%emt 0:00:02]} 28. Qxd3 {[%emt 0:00:13]}
Kxg7 {[%emt 0:00:03]} 29. e4 {[%emt 0:00:03]} Qg3+ {[%emt 0:00:06]} 30. Kh1 {
[%emt 0:00:02]} Nf4 {[%emt 0:00:03]} 31. Qf1 {[%emt 0:00:02]} Ne8 {[%emt 0:00:
18]} 32. Qg1 {[%emt 0:00:10]} Nd3 {[%emt 0:00:16]} 33. Qf1 {[%emt 0:00:14]}
Nf2+ {[%emt 0:00:03]} 34. Kg1 {[%emt 0:00:02]} Nxh3+ {[%emt 0:00:01]} 35. Kh1 {
[%emt 0:00:01]} Nf2+ {[%emt 0:00:05]} 36. Kg1 {[%emt 0:00:01]} Nh3+ {[%emt 0:
00:10]} 37. Kh1 {[%emt 0:00:01]} Ng5 {[%emt 0:00:02]} 38. Qe2 {[%emt 0:00:08]}
Nf7 {[%emt 0:00:13]} 39. exf5 {[%emt 0:00:05]} Nf6 {[%emt 0:00:09]} 40. fxg6 {
[%emt 0:00:05]} hxg6 {[%emt 0:00:01]} 41. Nf1 {[%emt 0:00:16]} Qe5 {[%emt 0:00:
02]} 42. Ne3 {[%emt 0:00:13]} Nh5 {[%emt 0:00:03]} 43. Qd2 {[%emt 0:00:10]} Nh6
{[%emt 0:00:06]} 44. Nf1 {[%emt 0:00:19] .} Qf4 {[%emt 0:00:03]} 45. Qf2 {
[%emt 0:00:08]} Nf5 {[%emt 0:00:03]} 46. Qb2+ {[%emt 0:00:07]} Qd4 {[%emt 0:00:
03]} 47. Qxd4+ {[%emt 0:00:08]} Nxd4 {[%emt 0:00:02]} 48. g4 {[%emt 0:00:01]}
Nf4 {[%emt 0:00:02]} 49. Ne3 {[%emt 0:00:02]} Nxb3 {[%emt 0:00:02]} 50. Kh2 {
[%emt 0:00:03]} Nd2 {[%emt 0:00:02]} 51. Kg3 {[%emt 0:00:01]} Nd3 {[%emt 0:00:
02]} 52. f4 {[%emt 0:00:02]} b3 {[%emt 0:00:01]} 53. f5 {[%emt 0:00:01]} b2 {
[%emt 0:00:04]} 54. fxg6 {[%emt 0:00:02]} Kxg6 {[%emt 0:00:01]} 55. Nf5 {[%emt
0:00:01]} b1=Q {[%emt 0:00:02]} 56. Nxd6 {[%emt 0:00:01]} Qg1+ {[%emt 0:00:02]}
57. Kh4 {[%emt 0:00:03]} Qh2# {[%emt 0:00:01]} 0-1

[Event "Benidorm Satellite preliminary"]
[Site "playchess.com #007036"]
[Date "2009.10.24"]
[Round "9"]
[White "Plamínek"]
[Black "Vijayvikram"]
[Result "1-0"]
[WhiteElo "2064"]
[BlackElo "1760"]
[PlyCount "117"]
[EventDate "2009.10.24"]
[EventType "swiss (blitz)"]

1. e4 {[%emt 0:00:05]} c5 {[%emt 0:00:01]} 2. f4 {[%emt 0:00:01]} d5 {[%emt 0:
00:17]} 3. exd5 {[%emt 0:00:02]} Qxd5 {[%emt 0:00:02]} 4. Nc3 {[%emt 0:00:01]}
Qd8 {[%emt 0:00:02]} 5. Nf3 {[%emt 0:00:01]} Nc6 {[%emt 0:00:02]} 6. Bb5 {
[%emt 0:00:01]} Bd7 {[%emt 0:00:02]} 7. a4 {[%emt 0:00:01]} a6 {[%emt 0:00:02]}
8. Bc4 {[%emt 0:00:01]} e6 {[%emt 0:00:06]} 9. Qe2 {[%emt 0:00:06]} Be7 {[%emt
0:00:06]} 10. O-O {[%emt 0:00:03]} Nf6 {[%emt 0:00:01]} 11. d3 {[%emt 0:00:02]}
O-O {[%emt 0:00:05]} 12. Ne5 {[%emt 0:00:01]} Nd4 {[%emt 0:00:10]} 13. Qd1 {
[%emt 0:00:03]} Be8 {[%emt 0:00:12]} 14. a5 {[%emt 0:00:11]} Nd7 {[%emt 0:00:
19]} 15. Bd2 {[%emt 0:00:17]} Qc7 {[%emt 0:00:04]} 16. Nf3 {[%emt 0:00:03]} Kh8
{[%emt 0:00:47]} 17. Ne4 {[%emt 0:00:22]} Nf6 {[%emt 0:00:06]} 18. c3 {[%emt 0:
00:09]} Nxf3+ {[%emt 0:00:13]} 19. Qxf3 {[%emt 0:00:04]} Bc6 {[%emt 0:00:01]}
20. Qe2 {[%emt 0:00:10]} Rad8 {[%emt 0:00:06]} 21. Be1 {[%emt 0:00:07]} Rd7 {
[%emt 0:00:17]} 22. Bg3 {[%emt 0:00:03]} Qd8 {[%emt 0:00:06]} 23. Nxf6 {[%emt
0:00:22]} Bxf6 {[%emt 0:00:01]} 24. f5 {[%emt 0:00:01]} exf5 {[%emt 0:00:26]}
25. Rxf5 {[%emt 0:00:03]} Bd5 {[%emt 0:00:11]} 26. Raf1 {[%emt 0:00:07]} Re8 {
[%emt 0:00:03]} 27. Qf2 {[%emt 0:00:23]} Bxc4 {[%emt 0:00:01]} 28. dxc4 {[%emt
0:00:01]} Rd2 {[%emt 0:00:01]} 29. Qxc5 {[%emt 0:00:02]} Rxb2 {[%emt 0:00:03]}
30. Rd5 {[%emt 0:00:12]} Qc8 {[%emt 0:00:02]} 31. h3 {[%emt 0:00:22]} Bxc3 {
[%emt 0:00:04]} 32. Qxc8 {[%emt 0:00:06]} Rxc8 {[%emt 0:00:01]} 33. Rxf7 {
[%emt 0:00:01]} h6 {[%emt 0:00:04]} 34. c5 {[%emt 0:00:10]} Bxa5 {[%emt 0:00:
02]} 35. Be5 {[%emt 0:00:02]} Rb1+ {[%emt 0:00:03]} 36. Kh2 {[%emt 0:00:01]}
Rg8 {[%emt 0:00:01]} 37. Rdd7 {[%emt 0:00:04]} Rb5 {[%emt 0:00:03]} 38. Rxg7 {
[%emt 0:00:10]} Rxg7 {[%emt 0:00:01]} 39. Bxg7+ {[%emt 0:00:01]} Kg8 {[%emt 0:
00:02]} 40. Bd4 {[%emt 0:00:01]} Bb4 {[%emt 0:00:02]} 41. Rd5 {[%emt 0:00:04]}
b6 {[%emt 0:00:02]} 42. Rd8+ {[%emt 0:00:01]} Kf7 {[%emt 0:00:01]} 43. c6 {
[%emt 0:00:01]} Be1 {[%emt 0:00:05]} 44. g3 {[%emt 0:00:08]} Rb3 {[%emt 0:00:
01]} 45. c7 {[%emt 0:00:02]} Bxg3+ {[%emt 0:00:01]} 46. Kg2 {[%emt 0:00:01]}
Bxc7 {[%emt 0:00:00]} 47. Rd7+ {[%emt 0:00:01]} Ke6 {[%emt 0:00:00]} 48. Rxc7 {
[%emt 0:00:00]} Rb2+ {[%emt 0:00:01]} 49. Kf3 {[%emt 0:00:01]} Rb3+ {[%emt 0:
00:01]} 50. Ke4 {[%emt 0:00:01]} Rxh3 {[%emt 0:00:01]} 51. Rc6+ {[%emt 0:00:01]
} Kd7 {[%emt 0:00:02]} 52. Rxb6 {[%emt 0:00:01]} a5 {[%emt 0:00:02]} 53. Ra6 {
[%emt 0:00:01]} Ra3 {[%emt 0:00:03]} 54. Rxh6 {[%emt 0:00:02]} Ra4 {[%emt 0:00:
01]} 55. Kd5 {[%emt 0:00:01]} Ra2 {[%emt 0:00:03]} 56. Rh7+ {[%emt 0:00:01]}
Kc8 {[%emt 0:00:01]} 57. Kc6 {[%emt 0:00:02]} Rc2+ {[%emt 0:00:02]} 58. Bc5 {
[%emt 0:00:01]} Kd8 {[%emt 0:00:03]} 59. Rh8# {[%emt 0:00:02]} 1-0

[Event "Benidorm Satellite preliminary"]
[Site "playchess.com #007036"]
[Date "2009.10.24"]
[Round "9"]
[White "Maximums"]
[Black "Necromant"]
[Result "1-0"]
[WhiteElo "2651"]
[BlackElo "2485"]
[PlyCount "107"]
[EventDate "2009.10.24"]
[EventType "swiss (blitz)"]

1. d4 {[%emt 0:00:01]} Nf6 {[%emt 0:00:01]} 2. Nf3 {[%emt 0:00:01]} g6 {[%emt
0:00:01]} 3. c4 {[%emt 0:00:01]} Bg7 {[%emt 0:00:01]} 4. Nc3 {[%emt 0:00:01]}
d5 {[%emt 0:00:00]} 5. e3 {[%emt 0:00:02]} O-O {[%emt 0:00:01]} 6. Bd2 {[%emt
0:00:01]} b6 {[%emt 0:00:17]} 7. Rc1 {[%emt 0:00:14]} e6 {[%emt 0:00:12]} 8.
cxd5 {[%emt 0:00:07]} exd5 {[%emt 0:00:01]} 9. b4 {[%emt 0:00:06]} Nc6 {[%emt
0:00:13]} 10. b5 {[%emt 0:00:05]} Ne7 {[%emt 0:00:04]} 11. Be2 {[%emt 0:00:10]}
c5 {[%emt 0:00:30]} 12. bxc6 {[%emt 0:00:04]} Nxc6 {[%emt 0:00:02]} 13. O-O {
[%emt 0:00:07]} Bb7 {[%emt 0:00:11]} 14. a4 {[%emt 0:00:06]} Rc8 {[%emt 0:00:
04]} 15. Bb5 {[%emt 0:00:23]} a6 {[%emt 0:00:12]} 16. Bxc6 {[%emt 0:00:10]}
Rxc6 {[%emt 0:00:18]} 17. Ne5 {[%emt 0:00:04]} Re6 {[%emt 0:00:01]} 18. Qb3 {
[%emt 0:00:07]} Nd7 {[%emt 0:00:10]} 19. Nd3 {[%emt 0:00:14]} g5 {[%emt 0:00:
29]} 20. Rb1 {[%emt 0:00:10]} Nf6 {[%emt 0:00:14]} 21. Ne5 {[%emt 0:00:19]} Nd7
{[%emt 0:00:05]} 22. Nd3 {[%emt 0:00:31]} Nf6 {[%emt 0:00:02]} 23. Rfc1 {[%emt
0:00:01]} Ne4 {[%emt 0:00:06]} 24. Be1 {[%emt 0:00:01]} Rh6 {[%emt 0:00:07]}
25. Nxe4 {[%emt 0:00:07]} dxe4 {[%emt 0:00:01]} 26. Ne5 {[%emt 0:00:01]} Bd5 {
[%emt 0:00:05]} 27. Qc2 {[%emt 0:00:06]} f6 {[%emt 0:00:04]} 28. Nc6 {[%emt 0:
00:11]} Qc7 {[%emt 0:00:12]} 29. h3 {[%emt 0:00:01]} Kh8 {[%emt 0:00:09]} 30.
Nb4 {[%emt 0:00:02]} Qd6 {[%emt 0:00:05]} 31. Nxd5 {[%emt 0:00:05]} Qxd5 {
[%emt 0:00:01]} 32. Qc6 {[%emt 0:00:01]} Qf5 {[%emt 0:00:01]} 33. Rxb6 {[%emt
0:00:10]} g4 {[%emt 0:00:01]} 34. Rc5 {[%emt 0:00:01]} Qg6 {[%emt 0:00:01]} 35.
h4 {[%emt 0:00:08]} g3 {[%emt 0:00:05]} 36. fxg3 {[%emt 0:00:02]} Qg4 {[%emt 0:
00:00]} 37. Rc1 {[%emt 0:00:04]} Rg8 {[%emt 0:00:01]} 38. Bf2 {[%emt 0:00:01]}
Qe2 {[%emt 0:00:01]} 39. Qc2 {[%emt 0:00:02]} Qg4 {[%emt 0:00:01]} 40. Rxa6 {
[%emt 0:00:02]} f5 {[%emt 0:00:01]} 41. Rxh6 {[%emt 0:00:02]} Bxh6 {[%emt 0:00:
00]} 42. Qd2 {[%emt 0:00:01]} f4 {[%emt 0:00:01]} 43. exf4 {[%emt 0:00:01]} Bg7
{[%emt 0:00:02]} 44. Re1 {[%emt 0:00:02]} Re8 {[%emt 0:00:01]} 45. Qe2 {[%emt
0:00:01]} Qf5 {[%emt 0:00:01]} 46. Be3 {[%emt 0:00:01]} Qg6 {[%emt 0:00:02]}
47. Kh2 {[%emt 0:00:01]} h5 {[%emt 0:00:01]} 48. d5 {[%emt 0:00:01]} Kh7 {
[%emt 0:00:03]} 49. Rd1 {[%emt 0:00:01]} Rd8 {[%emt 0:00:01]} 50. d6 {[%emt 0:
00:02]} Bf6 {[%emt 0:00:01]} 51. d7 {[%emt 0:00:02]} Rg8 {[%emt 0:00:01]} 52.
Rd6 {[%emt 0:00:02]} Qxg3+ {[%emt 0:00:02]} 53. Kg1 {[%emt 0:00:02]} Qxh4 {
[%emt 0:00:09]} 54. Qf2 {[%emt 0:00:09] Time} 1-0

[Event "Benidorm Satellite preliminary"]
[Site "playchess.com #007036"]
[Date "2009.10.24"]
[Round "9"]
[White "BLiTzcHAmP"]
[Black "Novoselski"]
[Result "0-1"]
[WhiteElo "2714"]
[BlackElo "2736"]
[PlyCount "130"]
[EventDate "2009.10.24"]
[EventType "swiss (blitz)"]

1. e4 {[%emt 0:00:01]} e5 {[%emt 0:00:01]} 2. Nf3 {[%emt 0:00:01]} Nc6 {[%emt
0:00:01]} 3. d4 {[%emt 0:00:01]} exd4 {[%emt 0:00:01]} 4. Bc4 {[%emt 0:00:00]}
Bc5 {[%emt 0:00:01]} 5. c3 {[%emt 0:00:01]} d3 {[%emt 0:00:02]} 6. O-O {[%emt
0:00:13]} d6 {[%emt 0:00:02]} 7. Qb3 {[%emt 0:00:15]} Qe7 {[%emt 0:00:08]} 8.
Bxd3 {[%emt 0:00:06]} h6 {[%emt 0:00:06]} 9. Bf4 {[%emt 0:00:10]} Ne5 {[%emt 0:
00:09]} 10. Nxe5 {[%emt 0:00:05]} dxe5 {[%emt 0:00:00]} 11. Bg3 {[%emt 0:00:01]
} Nf6 {[%emt 0:00:02]} 12. Nd2 {[%emt 0:00:08]} O-O {[%emt 0:00:02]} 13. Nf3 {
[%emt 0:00:02]} Bd6 {[%emt 0:00:04]} 14. Rfe1 {[%emt 0:00:06]} c6 {[%emt 0:00:
03]} 15. Bh4 {[%emt 0:00:03]} Be6 {[%emt 0:00:05]} 16. Bc4 {[%emt 0:00:02]}
Bxc4 {[%emt 0:00:15]} 17. Qxc4 {[%emt 0:00:02]} g5 {[%emt 0:00:01]} 18. Nxg5 {
[%emt 0:00:05]} hxg5 {[%emt 0:00:02]} 19. Bxg5 {[%emt 0:00:00]} Qe6 {[%emt 0:
00:02]} 20. Qd3 {[%emt 0:00:12]} Nh7 {[%emt 0:00:03]} 21. Bh4 {[%emt 0:00:01]}
Be7 {[%emt 0:00:04]} 22. Qg3+ {[%emt 0:00:02]} Kh8 {[%emt 0:00:03]} 23. Bxe7 {
[%emt 0:00:02]} Qxe7 {[%emt 0:00:01]} 24. Re3 {[%emt 0:00:02]} Rg8 {[%emt 0:00:
01]} 25. Qh3 {[%emt 0:00:01]} Rg7 {[%emt 0:00:05]} 26. Rf3 {[%emt 0:00:10]}
Rag8 {[%emt 0:00:08]} 27. g3 {[%emt 0:00:01]} Rg6 {[%emt 0:00:03]} 28. Rd1 {
[%emt 0:00:06]} Qe6 {[%emt 0:00:21]} 29. Rf5 {[%emt 0:00:10]} Kg7 {[%emt 0:00:
06]} 30. Qg2 {[%emt 0:00:29]} Nf6 {[%emt 0:00:05]} 31. Qf3 {[%emt 0:00:05]} Ne8
{[%emt 0:00:07]} 32. Qh5 {[%emt 0:00:09]} f6 {[%emt 0:00:11]} 33. Qe2 {[%emt 0:
00:18]} Nd6 {[%emt 0:00:14]} 34. Rf3 {[%emt 0:00:01]} Nf7 {[%emt 0:00:01]} 35.
h4 {[%emt 0:00:04]} Qg4 {[%emt 0:00:04]} 36. Kf1 {[%emt 0:00:06]} Rd8 {[%emt 0:
00:13]} 37. Rxd8 {[%emt 0:00:04]} Nxd8 {[%emt 0:00:00]} 38. Qd3 {[%emt 0:00:02]
} Nf7 {[%emt 0:00:01]} 39. Rf5 {[%emt 0:00:03]} Rh6 {[%emt 0:00:10]} 40. Qd7 {
[%emt 0:00:02]} Qxe4 {[%emt 0:00:10]} 41. f3 {[%emt 0:00:14]} Qb1+ {[%emt 0:00:
03]} 42. Kg2 {[%emt 0:00:01]} Qxb2+ {[%emt 0:00:05]} 43. Kh3 {[%emt 0:00:01]}
Qb1 {[%emt 0:00:03]} 44. h5 {[%emt 0:00:04]} Rh8 {[%emt 0:00:09]} 45. Qe6 {
[%emt 0:00:03]} Rh6 {[%emt 0:00:04]} 46. Qd7 {[%emt 0:00:01]} c5 {[%emt 0:00:
08]} 47. a4 {[%emt 0:00:05]} a6 {[%emt 0:00:01]} 48. a5 {[%emt 0:00:01]} Qb5 {
[%emt 0:00:02]} 49. Qe7 {[%emt 0:00:04]} Qf1+ {[%emt 0:00:02]} 50. Kg4 {[%emt
0:00:03]} Qc4+ {[%emt 0:00:02]} 51. Kh3 {[%emt 0:00:01]} Qxc3 {[%emt 0:00:02]}
52. g4 {[%emt 0:00:00]} e4 {[%emt 0:00:03]} 53. g5 {[%emt 0:00:03]} Rxh5+ {
[%emt 0:00:04]} 54. Kg4 {[%emt 0:00:03]} Rxg5+ {[%emt 0:00:00]} 55. Rxg5+ {
[%emt 0:00:01]} fxg5 {[%emt 0:00:00]} 56. fxe4 {[%emt 0:00:00]} Qe5 {[%emt 0:
00:02]} 57. Qxb7 {[%emt 0:00:01]} c4 {[%emt 0:00:01]} 58. Qxa6 {[%emt 0:00:01]}
Qxe4+ {[%emt 0:00:02]} 59. Kg3 {[%emt 0:00:00]} c3 {[%emt 0:00:01]} 60. Qc8 {
[%emt 0:00:03]} c2 {[%emt 0:00:03]} 61. Qc3+ {[%emt 0:00:02]} Ne5 {[%emt 0:00:
01]} 62. a6 {[%emt 0:00:03]} Qf4+ {[%emt 0:00:02]} 63. Kh3 {[%emt 0:00:06]} g4+
{[%emt 0:00:05]} 64. Kg2 {[%emt 0:00:07]} Qf3+ {[%emt 0:00:02]} 65. Qxf3 {
[%emt 0:00:05]} gxf3+ {[%emt 0:00:00] BLiTzcHAmP resigns} 0-1

[Event "Benidorm Satellite preliminary"]
[Site "playchess.com #007036"]
[Date "2009.10.24"]
[Round "9"]
[White "Goldaxe"]
[Black "Immer Letzter"]
[Result "1/2-1/2"]
[WhiteElo "2085"]
[BlackElo "2507"]
[PlyCount "130"]
[EventDate "2009.10.24"]
[EventType "swiss (blitz)"]

1. Nf3 {[%emt 0:00:02]} Nf6 {[%emt 0:00:01]} 2. c4 {[%emt 0:00:01]} e6 {[%emt
0:00:01]} 3. g3 {[%emt 0:00:02]} d5 {[%emt 0:00:01]} 4. Bg2 {[%emt 0:00:01]}
Be7 {[%emt 0:00:03]} 5. O-O {[%emt 0:00:01]} O-O {[%emt 0:00:01]} 6. b3 {[%emt
0:00:01]} c5 {[%emt 0:00:04]} 7. e3 {[%emt 0:00:02]} Nc6 {[%emt 0:00:02]} 8.
Bb2 {[%emt 0:00:01]} b6 {[%emt 0:00:00]} 9. Nc3 {[%emt 0:00:02]} dxc4 {[%emt 0:
00:14]} 10. bxc4 {[%emt 0:00:02]} Bb7 {[%emt 0:00:02]} 11. d3 {[%emt 0:00:01]}
Nb4 {[%emt 0:00:09]} 12. Ne1 {[%emt 0:00:07]} Bxg2 {[%emt 0:00:02]} 13. Kxg2 {
[%emt 0:00:00]} Qd7 {[%emt 0:00:14]} 14. Qe2 {[%emt 0:00:06]} Rfd8 {[%emt 0:00:
03]} 15. Rd1 {[%emt 0:00:02]} Qb7+ {[%emt 0:00:02]} 16. Kg1 {[%emt 0:00:06]}
Nd7 {[%emt 0:00:01]} 17. f4 {[%emt 0:00:04]} Bf6 {[%emt 0:00:05]} 18. Nf3 {
[%emt 0:00:04]} a6 {[%emt 0:00:24]} 19. a4 {[%emt 0:00:05]} Nc6 {[%emt 0:00:11]
} 20. g4 {[%emt 0:00:07]} g6 {[%emt 0:00:07]} 21. g5 {[%emt 0:00:02]} Bg7 {
[%emt 0:00:02]} 22. Ne4 {[%emt 0:00:03]} Qc7 {[%emt 0:00:40]} 23. Bxg7 {[%emt
0:00:14]} Kxg7 {[%emt 0:00:01]} 24. Qb2+ {[%emt 0:00:01]} Kg8 {[%emt 0:00:01]}
25. Nf6+ {[%emt 0:00:25]} Nxf6 {[%emt 0:00:03]} 26. Qxf6 {[%emt 0:00:00]} Rab8
{[%emt 0:00:10]} 27. Ne5 {[%emt 0:00:06]} Nxe5 {[%emt 0:00:15]} 28. fxe5 {
[%emt 0:00:05]} b5 {[%emt 0:00:02]} 29. axb5 {[%emt 0:00:05]} axb5 {[%emt 0:00:
01]} 30. cxb5 {[%emt 0:00:05]} Rxb5 {[%emt 0:00:01]} 31. Rf4 {[%emt 0:00:16]}
Rdb8 {[%emt 0:00:04]} 32. Rdf1 {[%emt 0:00:04]} R8b7 {[%emt 0:00:09]} 33. h4 {
[%emt 0:00:25]} Qe7 {[%emt 0:00:15]} 34. h5 {[%emt 0:00:08]} Qxf6 {[%emt 0:00:
01]} 35. gxf6 {[%emt 0:00:15]} h6 {[%emt 0:00:13]} 36. hxg6 {[%emt 0:00:04]}
fxg6 {[%emt 0:00:01]} 37. f7+ {[%emt 0:00:06]} Kf8 {[%emt 0:00:01]} 38. Rf6 {
[%emt 0:00:01]} g5 {[%emt 0:00:05]} 39. Rxh6 {[%emt 0:00:11]} Rxf7 {[%emt 0:00:
01]} 40. Rxe6 {[%emt 0:00:06]} Rxf1+ {[%emt 0:00:02]} 41. Kxf1 {[%emt 0:00:01]}
Rb3 {[%emt 0:00:01]} 42. Ke2 {[%emt 0:00:04]} Kf7 {[%emt 0:00:01]} 43. Rc6 {
[%emt 0:00:02]} Rb5 {[%emt 0:00:01]} 44. Kf3 {[%emt 0:00:03]} Rb3 {[%emt 0:00:
09]} 45. Ke4 {[%emt 0:00:07]} Rc3 {[%emt 0:00:01]} 46. Kf5 {[%emt 0:00:28] .}
Rxd3 {[%emt 0:00:03]} 47. Rc7+ {[%emt 0:00:01]} Ke8 {[%emt 0:00:01]} 48. Kxg5 {
[%emt 0:00:01]} Rxe3 {[%emt 0:00:01]} 49. Rxc5 {[%emt 0:00:01]} Ke7 {[%emt 0:
00:01]} 50. Kf5 {[%emt 0:00:01]} Re1 {[%emt 0:00:01]} 51. Rc7+ {[%emt 0:00:02]}
Kd8 {[%emt 0:00:01]} 52. Rh7 {[%emt 0:00:02]} Ra1 {[%emt 0:00:03]} 53. Kf6 {
[%emt 0:00:04]} Rf1+ {[%emt 0:00:02]} 54. Ke6 {[%emt 0:00:01]} Rf2 {[%emt 0:00:
01]} 55. Rh8+ {[%emt 0:00:02]} Kc7 {[%emt 0:00:00]} 56. Ke7 {[%emt 0:00:02]}
Rf3 {[%emt 0:00:02]} 57. e6 {[%emt 0:00:03]} Rf2 {[%emt 0:00:01]} 58. Rh1 {
[%emt 0:00:01]} Rc2 {[%emt 0:00:01]} 59. Kf7 {[%emt 0:00:03]} Rf2+ {[%emt 0:00:
01]} 60. Ke8 {[%emt 0:00:01]} Kd6 {[%emt 0:00:01]} 61. e7 {[%emt 0:00:03]} Re2
{[%emt 0:00:04]} 62. Rh6+ {[%emt 0:00:04]} Kc7 {[%emt 0:00:03]} 63. Kf7 {[%emt
0:00:02]} Kd7 {[%emt 0:00:00]} 64. Rh1 {[%emt 0:00:06]} Rxe7+ {[%emt 0:00:01]}
65. Kf6 {[%emt 0:00:00]} Re6+ {[%emt 0:00:01] Goldaxe offers a draw Arbiter
Decision (Draw by material)} 1/2-1/2

[Event "Benidorm Satellite preliminary"]
[Site "playchess.com #007036"]
[Date "2009.10.24"]
[Round "9"]
[White "Henrik"]
[Black "Altamiro"]
[Result "1-0"]
[WhiteElo "1855"]
[BlackElo "2119"]
[PlyCount "111"]
[EventDate "2009.10.24"]
[EventType "swiss (blitz)"]

1. e4 {[%emt 0:00:01]} e5 {[%emt 0:00:01]} 2. Nf3 {[%emt 0:00:01]} Nc6 {[%emt
0:00:02]} 3. Bb5 {[%emt 0:00:01]} a6 {[%emt 0:00:00]} 4. Ba4 {[%emt 0:00:01]}
Nf6 {[%emt 0:00:00]} 5. O-O {[%emt 0:00:01]} Nxe4 {[%emt 0:00:02]} 6. d4 {
[%emt 0:00:03]} b5 {[%emt 0:00:01]} 7. Bb3 {[%emt 0:00:02]} d5 {[%emt 0:00:01]}
8. dxe5 {[%emt 0:00:08]} Be6 {[%emt 0:00:01]} 9. Nc3 {[%emt 0:00:09]} Nxc3 {
[%emt 0:00:10]} 10. bxc3 {[%emt 0:00:01]} Be7 {[%emt 0:00:03]} 11. Be3 {[%emt
0:00:05]} Na5 {[%emt 0:00:07]} 12. a4 {[%emt 0:00:07]} O-O {[%emt 0:00:10]} 13.
Nd4 {[%emt 0:00:10]} c5 {[%emt 0:00:06]} 14. Nxe6 {[%emt 0:00:08]} fxe6 {[%emt
0:00:00]} 15. c4 {[%emt 0:00:39]} bxc4 {[%emt 0:00:05]} 16. Ba2 {[%emt 0:00:01]
} Rb8 {[%emt 0:00:25]} 17. c3 {[%emt 0:00:02]} Nb3 {[%emt 0:00:10]} 18. Qg4 {
[%emt 0:00:12]} Nxa1 {[%emt 0:00:13]} 19. Qxe6+ {[%emt 0:00:42]} Kh8 {[%emt 0:
00:02]} 20. Rxa1 {[%emt 0:00:02]} Rb6 {[%emt 0:00:01]} 21. Qh3 {[%emt 0:00:08]}
d4 {[%emt 0:00:15]} 22. Rd1 {[%emt 0:00:32]} Qc8 {[%emt 0:00:31] '} 23. cxd4 {
[%emt 0:00:18]} cxd4 {[%emt 0:00:15]} 24. Bxd4 {[%emt 0:00:05]} Qxh3 {[%emt 0:
00:11]} 25. gxh3 {[%emt 0:00:00]} Rc6 {[%emt 0:00:01]} 26. Bc3 {[%emt 0:00:02]}
Bc5 {[%emt 0:00:12]} 27. Rd2 {[%emt 0:00:01]} Bb6 {[%emt 0:00:06]} 28. Kg2 {
[%emt 0:00:02]} a5 {[%emt 0:00:02]} 29. f3 {[%emt 0:00:05]} Ra8 {[%emt 0:00:16]
} 30. f4 {[%emt 0:00:02]} Bc5 {[%emt 0:00:02]} 31. Kf3 {[%emt 0:00:01]} Bb4 {
[%emt 0:00:01]} 32. Rc2 {[%emt 0:00:04]} Rf8 {[%emt 0:00:07]} 33. Bxb4 {[%emt
0:00:02]} axb4 {[%emt 0:00:01]} 34. Rxc4 {[%emt 0:00:00]} Rxc4 {[%emt 0:00:03]}
35. Bxc4 {[%emt 0:00:00]} Rc8 {[%emt 0:00:01]} 36. Bd3 {[%emt 0:00:06]} Rc3 {
[%emt 0:00:01]} 37. Ke4 {[%emt 0:00:01]} Ra3 {[%emt 0:00:05]} 38. Bb5 {[%emt 0:
00:06]} b3 {[%emt 0:00:02]} 39. Kd3 {[%emt 0:00:01]} b2+ {[%emt 0:00:18]} 40.
Kc2 {[%emt 0:00:01]} Rxh3 {[%emt 0:00:00]} 41. Kxb2 {[%emt 0:00:01]} Rxh2+ {
[%emt 0:00:00]} 42. Kc3 {[%emt 0:00:00]} Kg8 {[%emt 0:00:00]} 43. Kd4 {[%emt 0:
00:01]} Kf8 {[%emt 0:00:00]} 44. f5 {[%emt 0:00:01]} Rd2+ {[%emt 0:00:02]} 45.
Kc5 {[%emt 0:00:01]} Rf2 {[%emt 0:00:02]} 46. e6 {[%emt 0:00:02]} Rxf5+ {[%emt
0:00:01]} 47. Kd6 {[%emt 0:00:00]} Rf6 {[%emt 0:00:12]} 48. Kd7 {[%emt 0:00:01]
} Rxe6 {[%emt 0:00:03]} 49. Kxe6 {[%emt 0:00:01]} h5 {[%emt 0:00:02]} 50. a5 {
[%emt 0:00:00]} g5 {[%emt 0:00:01]} 51. a6 {[%emt 0:00:00]} g4 {[%emt 0:00:01]}
52. a7 {[%emt 0:00:01]} Kg7 {[%emt 0:00:00]} 53. a8=Q {[%emt 0:00:03]} h4 {
[%emt 0:00:01]} 54. Qe4 {[%emt 0:00:01]} g3 {[%emt 0:00:02]} 55. Qxh4 {[%emt 0:
00:01]} Kf8 {[%emt 0:00:00]} 56. Qh8# {[%emt 0:00:03]} 1-0